<?xml version="1.0" encoding="UTF-8"?>
<record
    xmlns:xsi="http://www.w3.org/2001/XMLSchema-instance"
    xsi:schemaLocation="http://www.loc.gov/MARC21/slim http://www.loc.gov/standards/marcxml/schema/MARC21slim.xsd"
    xmlns="http://www.loc.gov/MARC21/slim">

  <leader>01720    a2200205   4500</leader>
  <controlfield tag="001">30090</controlfield>
  <controlfield tag="005">20260407155612.0</controlfield>
  <controlfield tag="008">260407a1963    arg                 spa d</controlfield>
  <controlfield tag="003">AR-UNSa-BCEJYS</controlfield>
  <datafield tag="040" ind1=" " ind2=" ">
    <subfield code="a">AR-UNSa-BCEJYS</subfield>
    <subfield code="b">spa</subfield>
    <subfield code="c">AR-UNSa-BCEJYS</subfield>
  </datafield>
  <datafield tag="080" ind1=" " ind2=" ">
    <subfield code="a">657.474</subfield>
    <subfield code="x">Tratamiento de los costos
</subfield>
  </datafield>
  <datafield tag="245" ind1="1" ind2="0">
    <subfield code="a">Costos</subfield>
  </datafield>
  <datafield tag="264" ind1=" " ind2="1">
    <subfield code="a">Buenos Aires :</subfield>
    <subfield code="b">Cangallo</subfield>
    <subfield code="c">1963</subfield>
  </datafield>
  <datafield tag="300" ind1=" " ind2=" ">
    <subfield code="a">344 p.</subfield>
    <subfield code="c">23 cm.</subfield>
  </datafield>
  <datafield tag="505" ind1=" " ind2=" ">
    <subfield code="a">1. Nociones sobre costos - 2. Componentes del costo - 3. Sistema y finalidades de la contabilidad de costos - 4. Contabilidad de costos y contabilidad general - 5. Plan de cuentas de una industria que lleva contabilidad de costos - 6. Organizaci&#xF3;n industrial y contabilidad de costos - 7. Costo de los materiales de la producci&#xF3;n industrial - 8. Control de los materiales de producci&#xF3;n - 9. Compra de materiales - 10. Almacenaje de los materiales de producci&#xF3;n - 11. Registro contable de los materiales - 12. Costo y control de la mano de obra - 13. Registros contables y extracontables de la mano de obra - 14. Costos industriales generales indirectos - Estudios preliminares de control y sus medidas en relaci&#xF3;n al costo de los productos - 15.Costos industriales generales - Distribuci&#xF3;n en sus diversos aspectos y registros de control - 16. Registraci&#xF3;n y an&#xE1;lisis de la distribuci&#xF3;n de los costos industriales - 17. Aplicaci&#xF3;n de las cargas de los costos generales de producci&#xF3;n - 18. Variaciones de la aplicaci&#xF3;n de las cargas a la producci&#xF3;n - 19. Contabilizaci&#xF3;n de los costos de producci&#xF3;n industrial - Ap&#xE9;ndice: El balance en las empresas industriales </subfield>
  </datafield>
  <datafield tag="942" ind1=" " ind2=" ">
    <subfield code="c">BK</subfield>
  </datafield>
  <datafield tag="590" ind1=" " ind2=" ">
    <subfield code="a">niveau_biblio:m niveau_hierar:0</subfield>
  </datafield>
  <datafield tag="100" ind1="1" ind2=" ">
    <subfield code="a">L&#xF3;pes de Sa, Antonio</subfield>
  </datafield>
  <datafield tag="700" ind1="1" ind2=" ">
    <subfield code="a">Fern&#xE1;ndez, Manuel</subfield>
  </datafield>
  <datafield tag="999" ind1=" " ind2=" ">
    <subfield code="c">2016</subfield>
    <subfield code="d">2016</subfield>
  </datafield>
  <datafield tag="952" ind1=" " ind2=" ">
    <subfield code="0">0</subfield>
    <subfield code="1">0</subfield>
    <subfield code="4">0</subfield>
    <subfield code="7">0</subfield>
    <subfield code="a">BCEJYS</subfield>
    <subfield code="b">BCEJYS</subfield>
    <subfield code="c">16</subfield>
    <subfield code="d">2026-04-07</subfield>
    <subfield code="l">0</subfield>
    <subfield code="o">657.474 L865</subfield>
    <subfield code="p">L21072</subfield>
    <subfield code="r">2026-04-07 15:56:12</subfield>
    <subfield code="w">2026-04-07</subfield>
    <subfield code="y">L</subfield>
  </datafield>
  <datafield tag="952" ind1=" " ind2=" ">
    <subfield code="0">0</subfield>
    <subfield code="1">0</subfield>
    <subfield code="4">0</subfield>
    <subfield code="7">0</subfield>
    <subfield code="a">BCEJYS</subfield>
    <subfield code="b">BCEJYS</subfield>
    <subfield code="c">16</subfield>
    <subfield code="d">2026-04-07</subfield>
    <subfield code="l">0</subfield>
    <subfield code="o">657.474 L865</subfield>
    <subfield code="p">L21071</subfield>
    <subfield code="r">2026-04-07 15:56:12</subfield>
    <subfield code="w">2026-04-07</subfield>
    <subfield code="y">L</subfield>
  </datafield>
</record>
